Miestny verejný sektor v Slovenskej republike a niektoré problém súvisiace s jeho fungovaním

Uložené v:
Podrobná bibliografia
Hlavný autor: Neubauerová, Erika, 1968-
Médium: Kapitola
Jazyk:Slovak
Tagy: Pridať tag
Žiadne tagy, Buďte prvý, kto otaguje tento záznam!

MARC

LEADER 00000naa$a2200000$$$4500
001 0098293
005 20240502072103.1
041 0 |a slo 
044 |a SK 
245 1 0 |a Miestny verejný sektor v Slovenskej republike a niektoré problém súvisiace s jeho fungovaním  |c Erika Neubauerová 
100 1 |a Neubauerová, Erika, 1968-